| 000 | 00780nam a2200301 a 4500 | ||
|---|---|---|---|
| 003 | AR-BaBNM | ||
| 005 | 20251128205805.0 | ||
| 008 | 082120s2002 ||||||||||||||000 | spa|| | ||
| 020 | _a950-895029-3 | ||
| 040 | _cAR-BaBNM | ||
| 100 | 1 | _aLevín, Pablo | |
| 245 | 0 | 0 | _aEl capital tenológico |
| 260 |
_aBuenos Aires _bUniversidad de Buenos Aires _bCatálogos _c1997 |
||
| 300 | _a431 p. | ||
| 504 | _aBibliografía para consultar p. 405-431 | ||
| 650 | 4 | _aMARXISMO | |
| 650 | 4 | _aSOCIALISMO | |
| 650 | 4 | _aESTADO | |
| 650 | 4 | _aCAPITALISMO | |
| 650 | 4 | _aMODOS DE PRODUCCION | |
| 650 | 4 | _aCAPITAL | |
| 650 | 4 | _aFACTORES DE PRODUCCION | |
| 650 | 4 | _aCONCENTRACION ECONOMICA | |
| 650 | 4 | _aREVOLUCION | |
| 650 | 4 | _aCLASES SOCIALES | |
| 942 | _cBK | ||
| 998 | _cMariana | ||
| 999 |
_c12820 _d12820 |
||